000 00760cam a2200265 4500500
005 20260405003348.0
041 _afre
042 _adc
100 1 0 _aLacroix, Alexandre
_eauthor
245 0 0 _aChantal Jaquet. S’affranchir de l’emprise du milieu
260 _c2021.
500 _a80
690 _aAscenseur social
690 _aBourdieu
690 _achangement
690 _aChantal Jaquet
690 _aClasse
690 _aDéterminisme
690 _aFamille
690 _aLogique
690 _aréussite
690 _aTransclasse
786 0 _nPhilosophie magazine | 153 | 10 | 2021-10-01 | p. 31-31 | 1951-1787
856 4 1 _uhttps://shs.cairn.info/magazine-philosophie-magazine-2021-10-page-31?lang=fr&redirect-ssocas=7080
999 _c2066854
_d2066854